LIBRARY & INFORMATION CENTRE, KCAET, TAVANUR

ONLINE PUBLIC ACCESS CATALOGUE (OPAC)

India Charithram, part 1 / (Record no. 881)

MARC details
000 -LEADER
fixed length control field 00462cam a2200181ua 4500
041 ## - LANGUAGE CODE
Language code of text/sound track or separate title mal
082 ## - DEWEY DECIMAL CLASSIFICATION NUMBER
Classification number 954
Item number KUN/IN
100 ## - MAIN ENTRY--AUTHOR NAME
Personal name Kunhipacky, K .
245 ## - TITLE STATEMENT
Title India Charithram, part 1 /
260 ## - PUBLICATION, DISTRIBUTION, ETC. (IMPRINT)
Place of publication Thiruvananthapuram :
Name of publisher State Instititute of Languages ,
Year of publication 1970.
300 ## - PHYSICAL DESCRIPTION
Number of Pages 245 ; .
700 1# - ADDED ENTRY--PERSONAL NAME
Personal name Mohamedali, P.K .
942 ## - ADDED ENTRY ELEMENTS (KOHA)
Koha item type Books
Holdings
Withdrawn status Lost status Damaged status Home library Current library Date acquired Full call number Accession Number Koha item type
      KAUAET KAUAET 07/04/2012 954 13028 Books
Withdrawn     KAUAET KAUAET 16/11/2023 954 KUN/IN 12898 Books
free website counter